书目信息 |
| 题名: |
信息理论基础
|
|
| 作者: | 周荫清 主编 | |
| 分册: | ||
| 出版信息: | 北京 北京航空航天大学出版社 2006.02 |
|
| 页数: | 306页 | |
| 开本: | 23cm | |
| 丛书名: | ||
| 单 册: | ||
| 中图分类: | TN911.2 | |
| 科图分类: | ||
| 主题词: | 信息论--xin xi lun--高等教育--教材 | |
| 电子资源: | ||
| ISBN: | 7-81077-689-4 | |
| 000 | 00854nam0 2200253 450 | |
| 001 | 012007105890 | |
| 005 | 20070428150001.17 | |
| 010 | @a7-81077-689-4@dCNY26.00 | |
| 100 | @a20070131d2006 km y0chiy0120 ea | |
| 101 | 0 | @achi |
| 102 | @aCN@b110000 | |
| 105 | @aa a 000yy | |
| 200 | 1 | @a信息理论基础@Axin xi li lun ji chu@f周荫清主编@Fzhou yin qing zhu bian |
| 205 | @a第3版 | |
| 210 | @a北京@c北京航空航天大学出版社@d2006.02 | |
| 215 | @a306页@c图@d23cm | |
| 300 | @a北京高等教育精品教材 | |
| 320 | @a有书目 (第306页)。 | |
| 330 | @a本书以MagicARM2200为教学实验开发的硬件平台,以ADS1.2集成开发环境及各种中间件、驱动程序为软件平台,搭建ARM嵌入式系统教学与实验体系。 | |
| 606 | 0 | @a信息论@Axin xi lun@x高等教育@j教材 |
| 690 | @aTN911.2@v4 | |
| 701 | 0 | @a周荫清@Azhou yin qing@4主编 |
| 801 | 0 | @aCN@c20070428 |
| 905 | @a10447@dTN911.2@eZ815 | |
| 信息理论基础/周荫清主编.-第3版.-北京:北京航空航天大学出版社,2006.02 |
| 306页:图;23cm |
| 北京高等教育精品教材 |
| ISBN 7-81077-689-4:CNY26.00 |
| 本书以MagicARM2200为教学实验开发的硬件平台,以ADS1.2集成开发环境及各种中间件、驱动程序为软件平台,搭建ARM嵌入式系统教学与实验体系。 |
| ● |
| 相关链接 |
|
|
|
正题名:信息理论基础
索取号:TN911.2/Z815
 
预约/预借
| 序号 | 登录号 | 条形码 | 馆藏地/架位号 | 状态 | 备注 |
| 1 | 235409 | 202354095 | 自科库301/301自科库 34排2列2层/ [索取号:TN911.2/Z815] | 在馆 | |
| 2 | 235410 | 202354102 | 自科库301/301自科库 34排2列2层/ [索取号:TN911.2/Z815] | 在馆 |